| 000 | 01328cam a22002533a 4500 | ||
|---|---|---|---|
| 001 | 4627 | ||
| 003 | PGUSA | ||
| 005 | 20140828083101.0 | ||
| 008 | 031101s2003||||xxu|||||s|||||000 1 eng d | ||
| 040 |
_aPGUSA _beng |
||
| 042 | _adc | ||
| 050 | 4 | _aPS | |
| 100 | 1 |
_aArthur, T. S. _q(Timothy Shay), _d1809-1885 |
|
| 245 | 1 | 4 |
_aThe Lights and Shadows of Real Life _h[electronic resource] / _cT. S. Arthur |
| 260 |
_bProject Gutenberg, _c2003 |
||
| 505 | 0 | _aThe factory girl -- The two pictures -- Brandy as a preventive -- The temperance pledge -- Time, faith, energy -- Flushed with wine -- Swearing off -- The failing hope -- Taking toll -- Thou art the man -- The touching reproof -- The temperance song -- The distiller's dream -- The ruined family -- The rumsellers dream -- How to cure a toper -- The broken pledge -- The wanderer's return -- Jim braddock's pledge -- Wine on the wedding night -- The eleventh commandment -- The iron will -- A cure for low spirits -- Three hundred a year -- I'll see about it -- The fiery trial -- The sisters -- The maiden's error. | |
| 506 | _aPublic domain in the USA. | ||
| 516 | _aElectronic text | ||
| 653 | _aConduct of life -- Fiction | ||
| 653 | _aTemperance -- Fiction | ||
| 830 | 0 |
_aProject Gutenberg _v4627 |
|
| 856 | 4 | 0 | _uhttp://www.gutenberg.org/ebooks/4627 |
| 942 | _cEB | ||
| 999 |
_c233956 _d233956 |
||